Fakulta

Salvato in:
Dettagli Bibliografici
Autore principale: Belešová, Veronika (Autore)
Altri autori: Maňková, Lucia (Relatore della tesi)
Natura: Manoscritto Libro
Lingua:slovacco
Pubblicazione: 2017
Soggetti:
Accesso online:http://is.stuba.sk/zp/portal_zp.pl?podrobnosti=117459
https://opac.crzp.sk/?fn=detailBiblioForm&sid=CBCDB6E5622FB9C0D1594628BE80
Tags: Aggiungi Tag
Nessun Tag, puoi essere il primo ad aggiungerne!!

MARC

LEADER 00000ntm a22000003a 4500
001 stuzp62958
003 SK-STU
005 20230721112953.7
007 ta
008 150427s2015----xo-----f-mn---000-0-slo-d
040 |a STU  |b slo 
041 0 |a slo 
100 1 |a Belešová, Veronika  |u 010180  |4 aut  |U SvF Stavebná fakulta  |T SvF Katedra konštrukcií pozemných stavieb  |X 7217  |U V180  |Y 18  |7 7217 
242 0 1 |a Phaculty  |y eng 
245 1 0 |a Fakulta 
260 |c 2017 
650 4 |a realizačný projekt  |2 slo 
650 4 |a fakulta  |2 slo 
650 4 |a verejná budova  |2 slo 
650 4 |a vysoké školy  |2 slo 
650 4 |a školské zariadenia  |2 slo 
650 4 |a universities  |2 eng 
650 4 |a school facilities  |2 eng 
650 4 |a Faculty  |2 eng 
650 4 |a implementation project  |2 eng 
650 4 |a public building  |2 eng 
700 1 |a Maňková, Lucia  |u 010180  |k Z1  |4 ths  |U SvF Stavebná fakulta  |T SvF Katedra konštrukcií pozemných stavieb  |X 10111  |U V180  |Y 18  |7 A000010111 
856 4 |u http://is.stuba.sk/zp/portal_zp.pl?podrobnosti=117459 
856 4 |u https://opac.crzp.sk/?fn=detailBiblioForm&sid=CBCDB6E5622FB9C0D1594628BE80